000 00490nam a2200193Ia 4500
005 20240823022020.0
008 240823s9999||||xx |||||||||||||| ||und||
020 _a81-7992-436-X
041 _aENGLISH
082 _A651.72 P5
100 _aBovee Courtland L
245 0 _a"Techniques of Writing Business Letters,Memos and Reports"
250 _a1st
260 _c2005
_b"Jaico,B"
_aMumbai
500 _aYES
650 _aWriting
_bManagement Studies
942 _cBK
999 _c178194
_d178194